Jóvenes en movimiento en el mundo globalizado /

Uloženo v:
Podrobná bibliografie
Hlavní autor: Jiménez Guzmán, María Lucero (coordinación)
Médium: Kniha
Jazyk:španělština
Vydáno: México : UNAM, Centro Regional de Investigaciones Multidisciplinarias : Newton, 2016, c2016
Témata:
Tagy: Přidat tag
Žádné tagy, Buďte první, kdo vytvoří štítek k tomuto záznamu!

MARC

LEADER 00000nam^a2200000^a^4500
001 000399179
005 20250521000000.0
009 20260310121545.382
020 |a 978-607-02-7590-6 
020 |a 978-607-96919-4-3 
037 |a Acervo ITESO - Biblioteca 
041 |a ESP 
082 |a 322.  |b JIM 
100 |a Jiménez Guzmán, María Lucero  |e (coordinación) 
245 1 0 |a Jóvenes en movimiento en el mundo globalizado /  |c Coord. de M.L. Jiménez Guzmán. 
264 4 |a México :  |b UNAM, Centro Regional de Investigaciones Multidisciplinarias :  |b Newton,  |c 2016, c2016 
300 |a 435 p. 
336 |a texto  |b txt  |2 rdacontenido 
337 |a sin mediación  |b n  |2 rdamedio 
338 |a volumen  |b nc  |2 rdasoporte 
521 |a FIL 2017 EEnlace Centro de Aprendizaje en Red 
521 |a FIL 2017 EEnlace Centro Interdisciplinario para la Formación y Vinculación Social 
649 |a XX 
650 |a Jóvenes -  |x Condiciones Políticas 
650 |a Movimientos Estudiantiles -  |z Argentina 
650 |a Movimientos Estudiantiles -  |z Chile 
650 |a Movimientos Estudiantiles -  |z España 
650 |a Movimientos Estudiantiles -  |z México 
650 |a Movimientos Políticos -  |z Argentina 
650 |a Movimientos Políticos -  |z Chile 
650 |a Movimientos Políticos -  |z España 
650 |a Movimientos Políticos -  |z México 
650 |a Movimientos Sociales -  |z Argentina 
650 |a Movimientos Sociales -  |z Chile 
650 |a Movimientos Sociales -  |z España 
650 |a Movimientos Sociales -  |z México 
650 |a Movimientos Sociales -  |x Tema Principal 
650 |a Política -  |z Argentina -  |x Historia -  |y Siglo XXI 
650 |a Política -  |z Chile -  |x Historia -  |y Siglo XXI 
650 |a Política -  |z España -  |x Historia -  |y Siglo XXI 
650 |a Política -  |z México -  |x Historia -  |y Siglo XXI 
910 |a Fondo General 
920 |a Impresos - Libros 
930 |a Colección General 
905 |a 101 
901 |a 0500294400  |b IT1  |c ACC  |i c157439  |u 20250521 
901 |a 0500295124  |b IT1  |c ACC  |i c157492  |u 20250521 
902 |a https://opac.biblio.iteso.mx/vufind/Record/000399179